Glossary : water and wastewater control engineering /

Bibliographic Details
Corporate Author: American Public Health Association
Format: Book
Language:English
Published: Washington, D.C. : American Public Health Association, [1981]
Edition:3rd ed.
Subjects:

MARC

Tag First Indicator Second Indicator Subfields
LEADER 00000cam a2200000 a 4500
001 in00000048896
005 20151007075730.0
008 811207s1981 dcu d 00000 eng
010 |a  80070933  
020 |a 0872622622 
035 |a (OCoLC)08052061 
035 |9 AAF3729AM 
039 0 |a 2  |b 3  |c 3  |d 3  |e 3 
040 |a DLC  |c DLC  |d NOH  |d m/c  |d TXA  |d UtOrBLW 
049 |a TXAM [Also in] [Ref]  |c 1 [1561594], 2 [1503366]  |a TXAF  |c 3 [A10705544] 
050 0 0 |a TD9  |b .G55 1981 
082 0 |a 628.1/03/21  |2 19 
096 |a WA 13 A512g 1981 
245 0 0 |a Glossary :  |b water and wastewater control engineering /  |c prepared by joint editorial board representing American Public Health Association [and others] ; Bob G. Rogers, chairman. 
250 |a 3rd ed. 
264 1 |a Washington, D.C. :  |b American Public Health Association,  |c [1981] 
264 4 |c ©1981 
300 |a vii, 441 pages ;  |c 24 cm. 
336 |a text  |b txt  |2 rdacontent 
337 |a unmediated  |b n  |2 rdamedia 
338 |a volume  |b nc  |2 rdacarrier 
650 0 |a Sanitary engineering  |x Dictionaries. 
650 2 |a Sanitary Engineering  |x dictionaries. 
650 2 |a Sewage  |x dictionaries. 
650 2 |a Water Supply  |x dictionaries. 
710 2 |a American Public Health Association. 
740 0 |a Water and wastewater control engineering. 
999 |a MARS 
999 f f |s 22c0ecb4-26e6-37a4-ab42-9cc9de0cb40e  |i 0b7cd284-e303-3aa2-a879-79970cfc1b44  |t 0 
952 f f |p ric  |a Texas A&M University  |b Rellis Campus  |c Joint Library Facility  |d Remote Storage  |t 0  |e TD9 .G55 1981  |h Library of Congress classification  |i unmediated -- volume  |m A14805941460 
952 f f |p ric  |a Texas A&M University  |b Rellis Campus  |c Joint Library Facility  |d Remote Storage  |t 0  |e TD9 .G55 1981  |h Library of Congress classification  |i unmediated -- volume  |m A14805964840 
952 f f |p ric  |a Texas A&M University  |b Rellis Campus  |c Joint Library Facility  |d Remote Storage  |t 0  |e TD9 .G55 1981  |h Library of Congress classification  |i unmediated -- volume  |m A14810705544 
998 f f |a TD9 .G55 1981  |t 0  |l Remote Storage 
998 f f |a TD9 .G55 1981  |t 0  |l Remote Storage 
998 f f |a TD9 .G55 1981  |t 0  |l Remote Storage